Online Catalogue and eLibrary

Thalweta addara diriya mawa (Record no. 4792)

MARC details
000 -LEADER
fixed length control field 00405nam a2200157Ia 4500
005 - DATE AND TIME OF LATEST TRANSACTION
control field 20250701015844.0
008 - FIXED-LENGTH DATA ELEMENTS--GENERAL INFORMATION
fixed length control field 240331s9999 xx 000 0 und d
020 ## - INTERNATIONAL STANDARD BOOK NUMBER
ISBN 955569205x
082 ## - DDC Classification
Item Number - Author Mark HOR
Class No. 891
100 ## - MAIN ENTRY--PERSONAL NAME
Personal name Horana, Nimal
245 #0 - TITLE STATEMENT
Title Thalweta addara diriya mawa
260 ## - PUBLICATION, DISTRIBUTION, ETC.
Place of publication, distribution, etc. Colombo
Name of publisher, distributor, etc. Ratna Book Publishers
Date of publication, distribution, etc. 1988
300 ## - PHYSICAL DESCRIPTION
Extent (e.g. Volumes, Pages etc.) 238 p .,
500 ## - GENERAL NOTE
General note Mother Diriya by the palm Fence
942 ## - Koha item type (Biblio)
Koha item type Books in Stacks (Lending)
Holdings
Lost status Damaged status Collection code Home library Current library Shelving location Date acquired Full call number Accession Number Item type
    Lending WERC Library WERC Library Social Science Cupboard 03/31/2024 891.48 HOR 2834 Books in Stacks (Lending)

© WERC Library